[Event "DEM U10 2005"]
[Site "Willingen GER"]
[Date "2005.05.18"]
[Round "7"]
[White "Kaphle, Sebastian"]
[Black "Noe, Christopher"]
[Result "1/2-1/2"]
[Termination "normal"]
[Board "1"]
[WhiteElo "1824"]
[BlackElo "1509"]
[PlyCount "87"]
[WhiteFideId "24626708"]
[BlackFideId "24692018"]
[EventCountry "GER"]
[EventRounds "11"]
[EventType "swiss"]
[EventDate "2005.05.15"]

1. e4 c5 2. Nf3 Nc6 3. d4 cxd4 4. Nxd4 Nf6 5. Nc3 d6 6. f3 Nxd4 7. Qxd4 g6 8.
Bb5+ Bd7 9. O-O Bg7 10. Bxd7+ Qxd7 11. Kh1 O-O 12. Nd5 Nxd5 13. Qxd5 Rac8 14.
c3 Rc5 15. Qd3 Rfc8 16. Be3 R5c6 17. Rad1 a6 18. a4 Rc4 19. a5 Qb5 20. Bb6 Qxb2
21. Qd5 R4c6 22. c4 Qc3 23. Rc1 Qe5 24. Rcd1 Qxd5 25. cxd5 Rc2 26. Rfe1 Ra2 27.
Rc1 Rcc2 28. Rxc2 Rxc2 29. Rb1 Bb2 30. Kg1 Rc1+ 31. Rxc1 Bxc1 32. Kf2 Kg7 33.
Ke2 e6 34. Kd3 Kf6 35. Bd4+ e5 36. Bf2 h5 37. h3 g5 38. g4 h4 39. Bb6 Ke7 40.
Kc2 Ba3 41. Kd3 Bc5 42. Ke2 f6 43. Kd3 Bxb6 44. axb6 1/2-1/2

[Event "DEM U10 2005"]
[Site "Willingen GER"]
[Date "2005.05.18"]
[Round "7"]
[White "Grewenig, Jan"]
[Black "Osmanodja, Filiz"]
[Result "1/2-1/2"]
[Termination "normal"]
[Board "2"]
[WhiteElo "1214"]
[BlackElo "1518"]
[PlyCount "102"]
[WhiteFideId "4657330"]
[BlackFideId "24633569"]
[EventCountry "GER"]
[EventRounds "11"]
[EventType "swiss"]
[EventDate "2005.05.15"]

1. e4 c5 2. Nf3 d6 3. d4 cxd4 4. Nxd4 Nf6 5. Bd3 g6 6. Nc3 Bg7 7. O-O O-O 8.
Be3 Ng4 9. Qe2 Nxe3 10. Qxe3 Nc6 11. Nb3 Bd7 12. Rad1 Rc8 13. Kh1 Nb4 14. a3
Nxd3 15. Rxd3 b6 16. Rfd1 Rc7 17. f4 Qc8 18. Nd5 Bb5 19. Nxc7 Bxd3 20. Nd5 Qb7
21. Qxd3 Bxb2 22. Nd4 Rc8 23. Nf3 e6 24. Ne3 Rc3 25. Qd2 Qxe4 26. Ng4 Qxc2 27.
Qxd6 Rxa3 28. Nfe5 Qxd1+ 29. Qxd1 Ra1 30. Qxa1 Bxa1 31. Nc6 a5 32. Ne3 a4 33.
Nc4 b5 34. Na3 Bb2 35. Nxb5 a3 36. Nb4 Kf8 37. g3 Ke7 38. Kg2 Kd7 39. Kf3 Kc8
40. Ke4 Kb7 41. Kd3 Kb6 42. Kc4 h6 43. Nd6 f5 44. Kb3 g5 45. Nd3 gxf4 46. gxf4
Kc6 47. Nc4 Kd5 48. Ncxb2 axb2 49. Kxb2 Ke4 50. Kc3 h5 51. h4 Ke3 1/2-1/2

[Event "DEM U10 2005"]
[Site "Willingen GER"]
[Date "2005.05.18"]
[Round "7"]
[White "Schreiner, Till"]
[Black "Zier, Oliver"]
[Result "1-0"]
[Termination "normal"]
[Board "3"]
[WhiteElo "1204"]
[BlackElo "1563"]
[PlyCount "63"]
[WhiteFideId "24675555"]
[BlackFideId "24631906"]
[EventCountry "GER"]
[EventRounds "11"]
[EventType "swiss"]
[EventDate "2005.05.15"]

1. d4 d5 2. c4 e6 3. Nc3 Be7 4. Nf3 Nf6 5. Bg5 h6 6. Bh4 O-O 7. e3 b6 8. Bd3
Bb7 9. O-O Nbd7 10. Re1 c5 11. Rc1 dxc4 12. Bxc4 a6 13. Bd3 cxd4 14. exd4 Nd5
15. Bg3 N7f6 16. Qe2 b5 17. Nxd5 Nxd5 18. Qe4 g6 19. Ne5 Qe8 20. h4 Ra7 21. Qg4
Nf6 22. Qh3 Kg7 23. Re3 Ra8 24. Rc7 Rb8 25. Nxg6 fxg6 26. Qxe6 Nd5 27. Rxe7+
Nxe7 28. Bxb8 Qxb8 29. Qxe7+ Rf7 30. Qe5+ Qxe5 31. dxe5 Bd5 32. Rg3 1-0

[Event "DEM U10 2005"]
[Site "Willingen GER"]
[Date "2005.05.18"]
[Round "7"]
[White "Xu, Xianliang"]
[Black "Neumair, Jerome"]
[Result "1-0"]
[Termination "normal"]
[Board "4"]
[WhiteElo "1370"]
[BlackElo "1162"]
[PlyCount "45"]
[WhiteFideId "4603230"]
[BlackFideId "24672637"]
[EventCountry "GER"]
[EventRounds "11"]
[EventType "swiss"]
[EventDate "2005.05.15"]

1. c4 c5 2. Nc3 Nc6 3. g3 g6 4. Bg2 Bg7 5. Nf3 e6 6. O-O Nge7 7. d3 d6 8. Bf4
O-O 9. Re1 a6 10. a3 Rb8 11. Rb1 e5 12. Bd2 Be6 13. b4 b6 14. Qc1 f5 15. Ng5
Bd7 16. f4 Qc7 17. Rf1 Rfe8 18. Nd5 Nxd5 19. Bxd5+ Kf8 20. Nxh7+ Ke7 21. fxe5
Bxe5 22. Bg5+ Bf6 23. Bxf6# 1-0

[Event "DEM U10 2005"]
[Site "Willingen GER"]
[Date "2005.05.18"]
[Round "7"]
[White "Stahnecker, Ludwig"]
[Black "Barzen, Pascal"]
[Result "1-0"]
[Termination "normal"]
[Board "5"]
[WhiteElo "1307"]
[BlackElo "1204"]
[PlyCount "93"]
[WhiteFideId "24692026"]
[BlackFideId "24653497"]
[EventCountry "GER"]
[EventRounds "11"]
[EventType "swiss"]
[EventDate "2005.05.15"]

1. e4 c6 2. d4 d5 3. e5 Bf5 4. Nc3 e6 5. g4 Bg6 6. h4 h6 7. Bd3 Bxd3 8. Qxd3
Bb4 9. a3 Bxc3+ 10. Qxc3 Ne7 11. Ne2 Nd7 12. Be3 Nb6 13. O-O-O Qc7 14. Rdf1 Nc4
15. f4 Nxe3 16. Qxe3 Qd7 17. Ng3 g6 18. h5 O-O-O 19. hxg6 fxg6 20. Rh2 Rdf8 21.
Rfh1 Ng8 22. Ne2 Rf7 23. Qd3 Rg7 24. Ng3 Qf7 25. f5 gxf5 26. gxf5 Rg5 27. Rf1
Ne7 28. fxe6 Qxe6 29. Ne2 Rf5 30. Rhf2 Rxf2 31. Rxf2 Qg4 32. Rf7 Qe6 33. Rf6
Qg4 34. Rf4 Qg5 35. Qh3+ Kb8 36. Kb1 h5 37. Rf7 Re8 38. Qd7 Qg8 39. Rxe7 Rxe7
40. Qxe7 a6 41. Qd6+ Ka7 42. e6 Qg6 43. Qd7 Qf5 44. Qf7 Qg5 45. e7 h4 46. e8=Q
h3 47. Qed7 1-0

[Event "DEM U10 2005"]
[Site "Willingen GER"]
[Date "2005.05.18"]
[Round "7"]
[White "Göbel, Constantin"]
[Black "Kyas, Philipp"]
[Result "1-0"]
[Termination "normal"]
[Board "6"]
[WhiteElo "1261"]
[BlackElo "1273"]
[PlyCount "129"]
[WhiteFideId "24647071"]
[BlackFideId "24670936"]
[EventCountry "GER"]
[EventRounds "11"]
[EventType "swiss"]
[EventDate "2005.05.15"]

1. e4 e5 2. Nf3 Nc6 3. Bb5 a6 4. Ba4 Bc5 5. c3 Nf6 6. O-O b5 7. Bc2 d6 8. d4
exd4 9. cxd4 Bb6 10. h3 Bb7 11. Bg5 h6 12. Bh4 g5 13. Bg3 d5 14. e5 Nd7 15. Nc3
Ne7 16. Re1 Ba5 17. Re3 Nf8 18. a3 Bxc3 19. Rxc3 Ne6 20. Rc1 Rc8 21. Nh2 Nc6
22. Rd3 h5 23. Nf3 h4 24. Bh2 Na5 25. b4 Nc4 26. Bb3 Nb2 27. Qc2 Nxd3 28. Qxd3
Qe7 29. Qe3 Kd8 30. Nd2 Rg8 31. Qf3 Nxd4 32. Qd3 Ne6 33. Bxd5 Bxd5 34. Qxd5+
Qd7 35. Qxd7+ Kxd7 36. Ne4 Ke7 37. g3 Nd4 38. Kg2 hxg3 39. Bxg3 g4 40. h4 c6
41. Nf6 Rg6 42. Nd5+ Kd8 43. h5 Rh6 44. Nf6 Ke7 45. Bh4 Ke6 46. Rd1 Nf5 47. Bg3
Nxg3 48. fxg3 Kf5 49. Rf1+ Ke6 50. Rh1 Rch8 51. Kf2 Rg6 52. hxg6 Rxh1 53. g7
Kxe5 54. g8=Q Kxf6 55. Qxg4 Rh2+ 56. Kf3 Rh1 57. Kg2 Rb1 58. Qf4+ Kg7 59. Qg4+
Kf6 60. Qf3+ Kg7 61. Qxc6 Rb2+ 62. Kh3 Rb1 63. Qxa6 Rh1+ 64. Kg4 Rh6 65. Qxb5
1-0

[Event "DEM U10 2005"]
[Site "Willingen GER"]
[Date "2005.05.18"]
[Round "7"]
[White "Babayev, Ramil"]
[Black "Davydov, Ruven"]
[Result "0-1"]
[Termination "normal"]
[Board "7"]
[WhiteElo "1533"]
[BlackElo "1250"]
[PlyCount "62"]
[WhiteFideId "24664243"]
[BlackFideId "24666068"]
[EventCountry "GER"]
[EventRounds "11"]
[EventType "swiss"]
[EventDate "2005.05.15"]

1. e4 d5 2. exd5 Qxd5 3. Nc3 Qd8 4. Nf3 g6 5. Bc4 Bg7 6. O-O Nh6 7. d3 O-O 8.
Bxh6 Bxh6 9. Re1 Bg4 10. h3 Bd7 11. Qe2 Nc6 12. a3 Bg7 13. Rad1 e6 14. d4 Re8
15. Qd2 Ne7 16. Qf4 Bc6 17. Ng5 Nf5 18. Nce4 Bxe4 19. Rxe4 Nd6 20. Nxf7 Nxf7
21. Bxe6 Qf6 22. Qe3 Kf8 23. Re1 Bh6 24. Qc3 Ng5 25. Qc5+ Kg7 26. R4e2 Nxe6 27.
Qc3 c6 28. Qg3 Re7 29. Qd6 Rae8 30. c3 a5 31. Qg3 Ng5 0-1

[Event "DEM U10 2005"]
[Site "Willingen GER"]
[Date "2005.05.18"]
[Round "7"]
[White "Gering, Samuel"]
[Black "Marquardt, Patrick"]
[Result "0-1"]
[Termination "normal"]
[Board "8"]
[WhiteElo "1215"]
[BlackElo "1459"]
[PlyCount "88"]
[WhiteFideId "24604526"]
[BlackFideId "4670086"]
[EventCountry "GER"]
[EventRounds "11"]
[EventType "swiss"]
[EventDate "2005.05.15"]

1. d4 d5 2. e4 dxe4 3. Nc3 Nf6 4. Bg5 c6 5. Bxf6 exf6 6. Nxe4 Be7 7. Nf3 Bg4 8.
Be2 O-O 9. O-O Nd7 10. c4 Nb6 11. b3 Qc7 12. Qd2 Rad8 13. Rad1 Rfe8 14. Ng3 Bf8
15. h3 Bxf3 16. Bxf3 g6 17. Rfe1 Bg7 18. Rxe8+ Rxe8 19. Re1 Rd8 20. d5 f5 21.
Rd1 Be5 22. Ne2 Rd7 23. Qe1 Qd8 24. Nc1 Bf4 25. Nd3 Bc7 26. Nb4 a5 27. Nc2 cxd5
28. cxd5 Nxd5 29. Bxd5 Rxd5 30. Rxd5 Qxd5 31. Ne3 Qe5 32. Qd2 f4 33. Nc4 Qa1+
34. Kh2 f3+ 35. g3 Qf1 36. Ne3 Qb5 37. Qc2 Qd7 38. Qe4 Qc6 39. Qxc6 bxc6 40.
Kg1 Kg7 41. Kf1 Kf6 42. Ke1 Ke5 43. Kd2 Kd4 44. Kc2 Bxg3 0-1

[Event "DEM U10 2005"]
[Site "Willingen GER"]
[Date "2005.05.18"]
[Round "7"]
[White "Kuhn, Jan"]
[Black "Rozenfeld, Elisabeth"]
[Result "1-0"]
[Termination "normal"]
[Board "9"]
[WhiteElo "1164"]
[BlackElo "1383"]
[PlyCount "121"]
[BlackFideId "4624742"]
[EventCountry "GER"]
[EventRounds "11"]
[EventType "swiss"]
[EventDate "2005.05.15"]

1. e4 e5 2. Nf3 Nf6 3. Nc3 Nc6 4. Bc4 Bc5 5. O-O O-O 6. d3 d6 7. Bg5 h6 8. Be3
Bxe3 9. fxe3 Be6 10. Bxe6 fxe6 11. d4 d5 12. exd5 exd4 13. exd4 Nxd5 14. Nxd5
exd5 15. c3 Qd7 16. Qd3 Rae8 17. Rae1 Re6 18. Rxe6 Qxe6 19. Qb5 b6 20. Re1 Qg6
21. Qxd5+ Kh7 22. Qe4 Qxe4 23. Rxe4 Rf6 24. Re8 Rd6 25. Ne5 Rd8 26. Rxd8 Nxd8
27. Kf2 Kg8 28. Ke3 Kf8 29. Ke4 Ke7 30. Kd5 Ne6 31. Nc6+ Kd7 32. g3 a5 33. Ne5+
Ke7 34. a3 Kf6 35. b4 c5 36. Nd7+ Ke7 37. Nxb6 cxd4 38. cxd4 axb4 39. axb4 Nc7+
40. Kc6 Ne6 41. d5 Nd4+ 42. Kc5 Nb3+ 43. Kc4 Nd2+ 44. Kc5 Ne4+ 45. Kc6 Nd6 46.
Nd7 Nc8 47. Nc5 Na7+ 48. Kb7 Nb5 49. Ne6 Nd6+ 50. Kc6 Ne8 51. b5 g6 52. b6 Nd6
53. b7 Nxb7 54. Kxb7 Kd6 55. Nc7 g5 56. h3 Kd7 57. Nb5 Kd8 58. Kc6 Kc8 59. d6
Kd8 60. d7 Ke7 61. Kc7 1-0

[Event "DEM U10 2005"]
[Site "Willingen GER"]
[Date "2005.05.18"]
[Round "7"]
[White "Gisy, Roberto"]
[Black "Pauly, Carlo"]
[Result "1/2-1/2"]
[Termination "normal"]
[Board "10"]
[WhiteElo "1366"]
[BlackElo "1111"]
[PlyCount "50"]
[BlackFideId "24673269"]
[EventCountry "GER"]
[EventRounds "11"]
[EventType "swiss"]
[EventDate "2005.05.15"]

1. e4 d5 2. exd5 Nf6 3. d4 Nxd5 4. Be2 Nc6 5. Nf3 Bf5 6. O-O Ndb4 7. Na3 e6 8.
c3 Nd5 9. Nc2 Be7 10. Ne3 Bg6 11. Bb5 O-O 12. Bxc6 bxc6 13. Ne5 Qe8 14. Qa4 c5
15. Qxe8 Rfxe8 16. dxc5 Bxc5 17. Nxg6 hxg6 18. Re1 Nxe3 19. Bxe3 Bxe3 20. Rxe3
Rab8 21. Re2 Red8 22. Kf1 Rb5 23. Ke1 Rh5 24. h3 Rg5 25. g3 Rgd5 1/2-1/2

[Event "DEM U10 2005"]
[Site "Willingen GER"]
[Date "2005.05.18"]
[Round "7"]
[White "Winterholler, Christina"]
[Black "Klek, Hanna-Marie"]
[Result "0-1"]
[Termination "normal"]
[Board "11"]
[WhiteElo "1200"]
[BlackElo "1340"]
[PlyCount "76"]
[WhiteFideId "24652105"]
[BlackFideId "24670057"]
[EventCountry "GER"]
[EventRounds "11"]
[EventType "swiss"]
[EventDate "2005.05.15"]

1. e4 e5 2. Nf3 Nf6 3. Bc4 Nxe4 4. Nc3 Nc6 5. Nxe4 d5 6. Bxd5 Qxd5 7. Nc3 Qd8
8. h3 Bc5 9. d3 Bf5 10. O-O O-O 11. Re1 Re8 12. Be3 Nd4 13. Na4 Bf8 14. Nc3 c5
15. Ne4 Qb6 16. b3 Rad8 17. Ng3 Nxf3+ 18. Qxf3 Bg6 19. Re2 Qc7 20. Rae1 f6 21.
Qg4 b6 22. Nh5 Qd7 23. Qf3 Qf5 24. Qxf5 Bxf5 25. Bh6 Bg6 26. Ng3 gxh6 27. Ne4
Bxe4 28. Rxe4 Rd4 29. R4e3 Red8 30. Rf3 Kf7 31. Ree3 h5 32. Rf5 Kg6 33. Ref3
Bg7 34. Kf1 e4 35. dxe4 Rxe4 36. g3 Rd2 37. c4 Rxa2 38. Rd5 Rd4 0-1

[Event "DEM U10 2005"]
[Site "Willingen GER"]
[Date "2005.05.18"]
[Round "7"]
[White "Kühnel, Lena"]
[Black "Müller, Alexander"]
[Result "0-1"]
[Termination "normal"]
[Board "12"]
[WhiteElo "1124"]
[BlackElo "1336"]
[PlyCount "198"]
[WhiteFideId "24640956"]
[BlackFideId "4624696"]
[EventCountry "GER"]
[EventRounds "11"]
[EventType "swiss"]
[EventDate "2005.05.15"]

1. e4 e5 2. Nf3 Nc6 3. Nc3 Nf6 4. d4 exd4 5. Nxd4 Be7 6. Bg5 O-O 7. Nxc6 dxc6
8. Bc4 Bd7 9. O-O h6 10. Bf4 Rc8 11. Qf3 Bc5 12. e5 Nh7 13. Qg3 Kh8 14. Ne4 Be7
15. Rad1 Qe8 16. Rd2 f6 17. e6 Bxe6 18. Bxe6 Rd8 19. Rxd8 Bxd8 20. Bf5 Ng5 21.
Nc3 Qf7 22. Bd3 a6 23. h4 Ne6 24. Bc4 b5 25. Bb3 b4 26. Ne4 Nxf4 27. Qxf4 Qd7
28. Qd2 Qxd2 29. Nxd2 c5 30. Re1 f5 31. Re5 Bxh4 32. Rxc5 Rd8 33. Nf3 Be7 34.
Rxc7 Rd1+ 35. Kh2 Bd6+ 36. g3 Bxc7 37. c3 bxc3 38. Bxd1 cxb2 39. Bc2 Kg8 40.
Nd4 g6 41. Kg2 Kf7 42. Kf3 Kf6 43. Ke3 Ke5 44. f4+ Kd5 45. Kd3 Bb6 46. Nf3 Bf2
47. Ne5 g5 48. Nf3 g4 49. Nh4 Bxg3 50. Nxf5 Bxf4 51. Ne7+ Kd6 52. Nf5+ Ke5 53.
Kc3 g3 54. Nxg3 Bxg3 55. Kxb2 h5 56. Bd1 h4 57. Bf3 h3 58. Kc3 Kf4 59. Bb7 a5
60. a4 Be1+ 61. Kd3 Kg3 62. Ke3 h2 63. Ba8 Kg4 64. Kd4 Kf5 65. Kc4 Ke5 66. Kb5
Kd4 67. Kb6 Kc4 68. Bc6 Kd4 69. Kb7 Ke3 70. Kb6 Kf2 71. Kc5 Kg1 72. Kb6 h1=Q
73. Bxh1 Kxh1 74. Kc5 Kg2 75. Kd4 Kf3 76. Kd3 Bb4 77. Kc4 Ke4 78. Kb5 Kd4 79.
Kc6 Kc4 80. Kb6 Be1 81. Kc6 Kb4 82. Kd5 Kxa4 83. Kc4 Ka3 84. Kb5 Kb3 85. Kc5 a4
86. Kb5 a3 87. Kc5 a2 88. Kb5 a1=Q 89. Kc5 Qf6 90. Kd5 Kc3 91. Kc5 Bf2+ 92. Kd5
Bg3 93. Ke4 Qe5+ 94. Kf3 Kd3 95. Kg2 Be1 96. Kg1 Qe2 97. Kh1 Bg3 98. Kg1 Qf2+
99. Kh1 Qh2# 0-1

[Event "DEM U10 2005"]
[Site "Willingen GER"]
[Date "2005.05.18"]
[Round "7"]
[White "Strohmann, Marcel"]
[Black "Lebeda, Timo"]
[Result "1-0"]
[Termination "normal"]
[Board "13"]
[WhiteElo "1140"]
[BlackElo "1315"]
[PlyCount "87"]
[BlackFideId "4638565"]
[EventCountry "GER"]
[EventRounds "11"]
[EventType "swiss"]
[EventDate "2005.05.15"]

1. Nf3 Nc6 2. g3 Nf6 3. Bg2 e5 4. d3 d5 5. Nbd2 Bg4 6. O-O Bc5 7. h3 Bh5 8. c4
O-O 9. Qb3 Rb8 10. cxd5 Nxd5 11. g4 Bg6 12. Nxe5 Nxe5 13. Qxd5 Bd6 14. f4 c6
15. Qb3 Bc5+ 16. Kh1 Nxd3 17. exd3 Bxd3 18. Re1 Qh4 19. Nf3 Qd8 20. Rd1 Bc4 21.
Rxd8 Bxb3 22. Rxf8+ Kxf8 23. axb3 Rd8 24. Bd2 f6 25. Re1 Kf7 26. b4 Be7 27. g5
fxg5 28. fxg5 Kf8 29. Bc3 Rd5 30. Bxg7+ Kxg7 31. Rxe7+ Kg8 32. Rxb7 Rd1+ 33.
Kh2 Rb1 34. Ne5 Rxb2 35. Nxc6 a6 36. Ra7 Rb3 37. Bd5+ Kf8 38. Bxb3 Ke8 39. Kg3
a5 40. bxa5 h6 41. a6 hxg5 42. Rh7 g4 43. a7 gxh3 44. a8=Q# 1-0

[Event "DEM U10 2005"]
[Site "Willingen GER"]
[Date "2005.05.18"]
[Round "7"]
[White "Plotkin, Alex"]
[Black "Pfeiffer, Daniel"]
[Result "0-1"]
[Termination "normal"]
[Board "14"]
[WhiteElo "1060"]
[BlackElo "1428"]
[PlyCount "62"]
[BlackFideId "24641960"]
[EventCountry "GER"]
[EventRounds "11"]
[EventType "swiss"]
[EventDate "2005.05.15"]

1. d4 Nf6 2. Nf3 g6 3. c4 Bg7 4. Nc3 d6 5. e4 O-O 6. g3 Nbd7 7. Bg2 e5 8. d5
Nh5 9. g4 Nf4 10. Bxf4 exf4 11. Qd2 Ne5 12. Nxe5 dxe5 13. h3 Bd7 14. Bf1 a6 15.
c5 c6 16. Bc4 Qa5 17. dxc6 Bxc6 18. h4 Qxc5 19. Bb3 Rfd8 20. Qc2 Rac8 21. Rc1
b5 22. Nd5 Qxc2 23. Rxc2 Bxd5 24. Rxc8 Rxc8 25. exd5 e4 26. Ke2 a5 27. f3 e3
28. Rb1 a4 29. Bd1 Rd8 30. Kd3 Rxd5+ 31. Ke4 Rd4# 0-1

[Event "DEM U10 2005"]
[Site "Willingen GER"]
[Date "2005.05.18"]
[Round "7"]
[White "Haryanto, Selina"]
[Black "Schmitt, Katrin"]
[Result "0-1"]
[Termination "normal"]
[Board "15"]
[WhiteElo "913"]
[BlackElo "1398"]
[PlyCount "110"]
[BlackFideId "24654400"]
[EventCountry "GER"]
[EventRounds "11"]
[EventType "swiss"]
[EventDate "2005.05.15"]

1. e4 e5 2. Nf3 Nc6 3. Bc4 Bc5 4. b4 Bxb4 5. c3 Be7 6. Qb3 Nh6 7. d4 Na5 8. Qb5
Nxc4 9. Qxc4 Ng4 10. Nxe5 Nxe5 11. dxe5 O-O 12. O-O d6 13. Rd1 Be6 14. Qe2 Qd7
15. Qe3 Qc6 16. exd6 Bxd6 17. e5 Bc5 18. Qg3 Bf5 19. Na3 Qa4 20. Bb2 Bxa3 21.
Bxa3 Qxa3 22. Qg5 Bg6 23. Qe3 Rad8 24. Qe2 Qe7 25. a4 Rfe8 26. Rxd8 Rxd8 27. c4
Bd3 28. Qg4 Qxe5 29. Rd1 Qf6 30. Qg3 Bxc4 31. Rxd8+ Qxd8 32. Qg4 Bb3 33. h3
Qd1+ 34. Qxd1 Bxd1 35. Kf1 Bxa4 36. Ke2 Kf8 37. Ke3 Ke7 38. g4 Ke6 39. Ke4 b5
40. f4 g6 41. h4 b4 42. Kd3 a5 43. Kc4 f5 44. g5 Kd6 45. Kd4 c5+ 46. Kc4 b3 47.
Kc3 Kd5 48. Kb2 c4 49. Kc3 Kc5 50. Kb2 Kb4 51. Kc1 Kc3 52. Kb1 b2 53. Ka2 Kc2
54. Ka3 b1=Q 55. Kxa4 Qb4# 0-1

[Event "DEM U10 2005"]
[Site "Willingen GER"]
[Date "2005.05.18"]
[Round "7"]
[White "Große, Christian"]
[Black "Günthner, Arthur"]
[Result "1-0"]
[Termination "normal"]
[Board "16"]
[WhiteElo "1347"]
[BlackElo "1245"]
[PlyCount "61"]
[WhiteFideId "24646156"]
[EventCountry "GER"]
[EventRounds "11"]
[EventType "swiss"]
[EventDate "2005.05.15"]

1. e4 e5 2. Nf3 Nc6 3. d4 exd4 4. Bc4 Bc5 5. c3 dxc3 6. Bxf7+ Kxf7 7. Qd5+ Ke8
8. Qh5+ Kf8 9. Qxc5+ d6 10. Qe3 Nf6 11. Nxc3 Kf7 12. O-O Rf8 13. Rd1 Qe7 14. b3
Bg4 15. Bb2 Kg8 16. h3 Bh5 17. Rd2 Nd7 18. Nd5 Qd8 19. Ng5 Re8 20. Qg3 Bg6 21.
f4 h6 22. Nf3 Nc5 23. Qxg6 Qd7 24. Bxg7 Qxg7 25. Qxg7+ Kxg7 26. Nxc7 Rxe4 27.
Nxa8 Na6 28. Rxd6 Rxf4 29. Rd7+ Rf7 30. Rxf7+ Kxf7 31. Re1 1-0

[Event "DEM U10 2005"]
[Site "Willingen GER"]
[Date "2005.05.18"]
[Round "7"]
[White "Sarchisov, Slavik"]
[Black "Rührmund, Daniel"]
[Result "1/2-1/2"]
[Termination "normal"]
[Board "17"]
[WhiteElo "1337"]
[BlackElo "1201"]
[PlyCount "56"]
[WhiteFideId "24647888"]
[BlackFideId "24674583"]
[EventCountry "GER"]
[EventRounds "11"]
[EventType "swiss"]
[EventDate "2005.05.15"]

1. Nf3 Nc6 2. e4 e5 3. Bc4 Bc5 4. d3 d6 5. Be3 Bb6 6. O-O Nf6 7. Nc3 O-O 8. Bg5
Be6 9. Nd5 Bxd5 10. Bxd5 Kh8 11. Nh4 h6 12. Bxf6 Qxf6 13. Nf5 Rab8 14. Qg4 Nd4
15. Nxd4 Bxd4 16. c3 Bb6 17. Kh1 c6 18. Bb3 Rbe8 19. f4 Qg6 20. Qxg6 fxg6 21.
fxe5 Rxf1+ 22. Rxf1 Rxe5 23. Bc4 Be3 24. g3 Re8 25. a4 Bg5 26. Ba2 Bf6 27. Rf3
g5 28. h3 a6 1/2-1/2

[Event "DEM U10 2005"]
[Site "Willingen GER"]
[Date "2005.05.18"]
[Round "7"]
[White "Grünwald, Sven"]
[Black "Düssler, Stefanie"]
[Result "0-1"]
[Termination "normal"]
[Board "18"]
[WhiteElo "1323"]
[BlackElo "1087"]
[PlyCount "100"]
[WhiteFideId "24629642"]
[BlackFideId "4634780"]
[EventCountry "GER"]
[EventRounds "11"]
[EventType "swiss"]
[EventDate "2005.05.15"]

1. e4 e5 2. Nf3 Nf6 3. Bc4 Bc5 4. d3 d6 5. O-O O-O 6. h3 Be6 7. Bb3 Nbd7 8. Nc3
c6 9. Ng5 Bxb3 10. axb3 h6 11. Nf3 b5 12. Bd2 a5 13. Re1 Qb6 14. Be3 Bxe3 15.
Rxe3 Ra6 16. Ne2 Rfa8 17. Ng3 g6 18. Qd2 Kg7 19. Nh4 Rg8 20. Ngf5+ gxf5 21.
Nxf5+ Kf8 22. Rg3 Rxg3 23. Qxh6+ Ke8 24. Nxg3 Kd8 25. Nf5 Kc7 26. Qg7 Ra8 27.
Qxf7 Rg8 28. Qe7 c5 29. Qf7 Rf8 30. Qg7 Nh5 31. Qh6 Nhf6 32. Ne7 c4 33. dxc4
bxc4 34. bxc4 Qxb2 35. Rxa5 Qxc2 36. Nd5+ Nxd5 37. cxd5 Qxf2+ 38. Kh2 Qf4+ 39.
Qxf4 Rxf4 40. Ra4 Nc5 41. Rc4 Rxe4 42. Rxe4 Nxe4 43. g4 Nf6 44. g5 Nxd5 45. g6
Ne7 46. g7 Kd7 47. h4 Ke6 48. h5 Ng8 49. Kg2 Kf6 50. Kf3 d5 0-1

[Event "DEM U10 2005"]
[Site "Willingen GER"]
[Date "2005.05.18"]
[Round "7"]
[White "Blübaum, Matthias"]
[Black "Möhn, Hans"]
[Result "1/2-1/2"]
[Termination "normal"]
[Board "19"]
[WhiteElo "1209"]
[BlackElo "1161"]
[PlyCount "65"]
[WhiteFideId "24651516"]
[BlackFideId "24647837"]
[EventCountry "GER"]
[EventRounds "11"]
[EventType "swiss"]
[EventDate "2005.05.15"]

1. d4 Nf6 2. c4 g6 3. Nc3 Bg7 4. e4 d6 5. Nf3 Nbd7 6. Be2 O-O 7. O-O c5 8. d5
e6 9. dxe6 fxe6 10. Qxd6 Re8 11. Be3 b6 12. Rad1 Re7 13. h3 Ne8 14. Qd3 Bb7 15.
Bg5 Bf6 16. Bxf6 Nexf6 17. e5 Ne8 18. Nd2 Nxe5 19. Qxd8 Rxd8 20. Nb3 Red7 21.
Rxd7 Rxd7 22. Rd1 Rxd1+ 23. Nxd1 Nd6 24. Nd2 Kf7 25. f4 Nc6 26. Bf3 Nd4 27.
Bxb7 Nxb7 28. Kf2 Nd6 29. g4 a6 30. Nc3 h6 31. Nce4 Nxe4+ 32. Nxe4 Ke7 33. Ke3
1/2-1/2

[Event "DEM U10 2005"]
[Site "Willingen GER"]
[Date "2005.05.18"]
[Round "7"]
[White "Tran, Duc Cuong"]
[Black "Pohl, Theresa"]
[Result "1-0"]
[Termination "normal"]
[Board "20"]
[WhiteElo "1395"]
[BlackElo "1049"]
[PlyCount "95"]
[WhiteFideId "24689718"]
[EventCountry "GER"]
[EventRounds "11"]
[EventType "swiss"]
[EventDate "2005.05.15"]

1. e4 e5 2. Nf3 Nc6 3. Bc4 g6 4. O-O Bg7 5. d3 d6 6. Ng5 Nh6 7. a3 O-O 8. h3
Kh8 9. Nc3 f6 10. Ne6 Bxe6 11. Bxe6 Nd4 12. Ba2 f5 13. Ne2 Nxe2+ 14. Qxe2 c6
15. b4 d5 16. f3 f4 17. Bb2 a6 18. exd5 cxd5 19. Bxe5 Re8 20. Bxg7+ Kxg7 21.
Qd2 g5 22. Qc3+ d4 23. Qd2 b5 24. Rfe1 Re3 25. Rxe3 dxe3 26. Qc3+ Kg6 27. Qe5
Rc8 28. Bb3 Nf5 29. Be6 Ng7 30. Bxc8 Qxc8 31. c3 Nf5 32. a4 Qb7 33. Qe6+ Kg7
34. Qxf5 h6 35. Qc5 Qd7 36. Qd4+ Qxd4 37. cxd4 h5 38. axb5 axb5 39. Ra5 Kf6 40.
Rxb5 h4 41. Re5 Kg6 42. b5 Kf6 43. b6 Kg6 44. b7 Kf6 45. b8=Q Kg6 46. Qd6+ Kh5
47. Re6 g4 48. Qe5# 1-0

[Event "DEM U10 2005"]
[Site "Willingen GER"]
[Date "2005.05.18"]
[Round "7"]
[White "Volz, Alexander"]
[Black "Gheng, Michael Dan"]
[Result "0-1"]
[Termination "normal"]
[Board "21"]
[WhiteElo "1117"]
[BlackElo "1368"]
[PlyCount "118"]
[WhiteFideId "4669126"]
[EventCountry "GER"]
[EventRounds "11"]
[EventType "swiss"]
[EventDate "2005.05.15"]

1. e4 c5 2. Nf3 Nc6 3. d4 cxd4 4. Nxd4 g6 5. Nc3 Bg7 6. Be3 Nf6 7. f3 Qa5 8.
Qd2 a6 9. Be2 O-O 10. O-O Qb4 11. Nb3 Qd6 12. Qxd6 exd6 13. Rad1 Re8 14. Rxd6
Nb4 15. Rd2 d5 16. exd5 Rxe3 17. a3 Nbxd5 18. Nxd5 Nxd5 19. Rxd5 Rxe2 20. Rd8+
Bf8 21. Nd4 Re7 22. c3 b6 23. f4 Bb7 24. Rd6 b5 25. Rf6 Bg7 26. Rd6 Bxd4+ 27.
Rxd4 Rae8 28. Rd2 Re2 29. Rxe2 Rxe2 30. Rf2 Re1+ 31. Rf1 Rxf1+ 32. Kxf1 f6 33.
g3 Kf7 34. Ke2 Ke6 35. Ke3 f5 36. b3 a5 37. b4 axb4 38. axb4 Kd5 39. Kd3 Bc6
40. h3 h5 41. h4 Bd7 42. Kd2 Kc4 43. Kc2 Bc6 44. Kd2 Be4 45. Ke3 Kxc3 46. Ke2
Kxb4 47. Ke3 Kc3 48. Kf2 b4 49. Kg1 b3 50. Kf2 b2 51. Ke3 b1=Q 52. Kf2 Qc2+ 53.
Kf1 Qd1+ 54. Kf2 Bd3 55. g4 Qe2+ 56. Kg1 Qe1+ 57. Kg2 Be4+ 58. Kh2 Qf2+ 59. Kh3
Qg2# 0-1

[Event "DEM U10 2005"]
[Site "Willingen GER"]
[Date "2005.05.18"]
[Round "7"]
[White "Stuhler, Kilian"]
[Black "Nitsche-Hahn, Maxim"]
[Result "1/2-1/2"]
[Termination "normal"]
[Board "22"]
[WhiteElo "1087"]
[BlackElo "1356"]
[PlyCount "71"]
[BlackFideId "4613090"]
[EventCountry "GER"]
[EventRounds "11"]
[EventType "swiss"]
[EventDate "2005.05.15"]

1. e4 c5 2. Nf3 Nc6 3. d4 cxd4 4. Nxd4 g6 5. c4 Nf6 6. Nc3 Bg7 7. Be3 O-O 8.
Be2 b6 9. O-O Bb7 10. f3 Qc8 11. b3 Rd8 12. Qd2 Nxd4 13. Bxd4 d6 14. Rac1 Nd7
15. Nd5 Bxd4+ 16. Qxd4 Re8 17. Rfd1 Qc5 18. Qxc5 Nxc5 19. Nc7 Rec8 20. Nxa8
Rxa8 21. b4 Ne6 22. g3 Rc8 23. Kf2 Bc6 24. b5 Be8 25. f4 Nc5 26. Bg4 Rb8 27.
Ke3 h5 28. Bf3 f6 29. g4 hxg4 30. Bxg4 Na4 31. Be6+ Kg7 32. f5 g5 33. Rg1 Bh5
34. h4 g4 35. Kf4 Kh6 36. Rcd1 1/2-1/2